| 000 | 01233nam2a22002891 4500 | ||
|---|---|---|---|
| 001 | v19\rc\1833067 | ||
| 005 | 20251118180045.1 | ||
| 035 | _a(NLR Aleph) 004940213 | ||
| 090 |
_a5773079 _c5773079 |
||
| 100 | _a20071224d1909 u y0rusy50 ca | ||
| 101 | 0 | _arus | |
| 102 | _aRU | ||
| 105 | _ay z |||a| | ||
| 200 | 1 |
_a[Три донских казачьих песни и К Дону] _e[Стихотворение] |
|
| 210 | _d1909 | ||
| 215 | _a7 с. | ||
| 461 | 0 |
_1001v19\rc\1833059 _12001#$aДонские картинки$eИз памят. книжки$f[Соч.] А.А. Карасева. № 1-$v№ 8 _1700#1$aКарасев$bА.А.$f1834-1913$gАлексей Алексеевич _95773000 _aКарасев, А.А. (1834-1913) _cНовочеркасск _d[1908]-[1911] _f[Соч.] А.А. Карасева. № 1- _nФ.М. Туников _oИз памят. книжки _tДонские картинки _v№ 8 |
|
| 517 | 0 | _aК Дону | |
| 540 | 1 | _aТри донских казачьих песни и К Дону | |
| 801 | 0 |
_aRU _bNLR _gpsbo |
|
| 801 | 0 |
_aRU _bRuMoRGB _2psbo |
|
| 801 | 1 |
_aRU _bProSoft-M _2rusmarc |
|
| 852 |
_aNLR _j34.50.8.20 |
||
| 899 |
_aRuMoRGB _jU 16/1369 |
||
| 899 | _aБАН | ||
| 942 | _cBOOK | ||
| 980 | _aNB | ||